000 00822nam a22002777a 4500
003 CHAP
005 20220329141704.0
008 971013c19591943 r 00010 d
010 _a72236
011 _a73208
035 _a82765
040 _cCHAP
082 _a469.36
_bG3
100 0 0 _aGarcía, Hamilcar de.
_946779
245 _aDiccionario español-portugues
260 _aRío de Janeiro :
_bEd. Globo,
_c1959 (c.1943)
300 _a696 p.
590 _aBATCH-UPD
_b10
_c20130110
_lUCH01
_h0715
590 _aBATCH-UPD
_b10
_c20130410
_lUCH01
_h0400
590 _aBATCH-UPD
_b10
_c20130914
_lUCH01
_h1334
590 _aCONVERSION
_b10
_c20130109
_lUCH01
_h1340
650 1 4 _aEspañol
_xDiccionarios
_xPortugués.
_937733
901 _aBK
942 _cLIBRO
949 _a469.36 G3
_bBC
_cC
_d33724000503579
_eC
_i82765
_mD
_si
999 _c72236
_d72236